Smith & Wesson, 1857-1945 /

Bibliographic Details
Main Author: Jinks, Roy G., 1936-
Other Authors: Neal, Robert J., 1933-
Format: Book
Language:English
Published: South Brunswick : A. S. Barnes, [1975]
Edition:Rev. ed.
Subjects:

MARC

Tag First Indicator Second Indicator Subfields
LEADER 00000cam a2200000 i 4500
001 in00000599421
005 20151014160640.0
008 760317s1975 njua b 00010 eng
010 |a  73003762  
020 |a 0498013901 :  |c $25.00 
035 |a (OCoLC)01618910 
035 |9 ACR9931AM 
040 |a DLC  |c DLC  |d TXA  |d UtOrBLW 
043 |a n-us-ma 
049 |a TXAM  |c [1553203] 
050 0 0 |a TS537  |b .N35 1975 
082 0 |a 683/.43 
100 1 |a Jinks, Roy G.,  |d 1936- 
245 1 0 |a Smith & Wesson, 1857-1945 /  |c Roy G. Jinks and Robert J. Neal. 
250 |a Rev. ed. 
264 1 |a South Brunswick :  |b A. S. Barnes,  |c [1975] 
300 |a 434 pages :  |b illustrations ;  |c 26 cm. 
336 |a text  |b txt  |2 rdacontent 
337 |a unmediated  |b n  |2 rdamedia 
338 |a volume  |b nc  |2 rdacarrier 
500 |a Authors' names in reverse order in the 1966 edition. 
504 |a Bibliography: pages 428-429. 
610 2 0 |a Smith & Wesson. 
650 0 |a Pistols. 
650 0 |a Revolvers. 
700 1 |a Neal, Robert J.,  |d 1933- 
999 |a MARS 
999 f f |s 1c5dcc2c-8cee-38ef-a7be-7655b8bb4d9d  |i 7ec13f7c-42be-3538-9900-d02cf2b7cbed  |t 0 
952 f f |p normal  |a Texas A&M University  |b College Station  |c Sterling C. Evans Library  |d Evans: Library Stacks  |t 0  |e TS537 .N35 1975  |h Library of Congress classification  |i unmediated -- volume  |m A14805647773 
998 f f |a TS537 .N35 1975  |t 0  |l Evans: Library Stacks